| 000 | 00809pam a2200193 a 4500 | ||
|---|---|---|---|
| 005 | 20250901165529.0 | ||
| 008 | 891018s1990 maua b 001 0 eng | ||
| 010 | _a 89029101 | ||
| 020 | _a0205123732 (instructor's ed.) | ||
| 020 | _a0205123724 (student's ed.) | ||
| 050 | 0 | 0 |
_aHV1568 .H37 1990 _b.H37 1990 |
| 082 | 0 | 0 |
_a362 _220 |
| 245 | 0 | 0 |
_aHuman exceptionality : _bsociety, school, and family / _cMichael L. Hardman ... [et al.]. |
| 250 | _a3rd ed. | ||
| 260 |
_aBoston : _bAllyn and Bacon, _cc1990. |
||
| 300 |
_aIE-xii, IE-90, xxvii, 563 p. : _bill. (some col.) ; _c27 cm. |
||
| 500 | _a"Instructor's edition for Human exceptionality, society, school, and family, third edition / Barbara Wolf, with Cathy Pratt and Pamela Pruitt": IE-xii, IE-90 p. | ||
| 942 |
_2lcc _hHV1568 .H37 1990 |
||
| 999 |
_c5392 _d5392 |
||